000 01414nam a2200289 i 4500
001 42449
003 ES-MaACL
005 20250709160538.0
007 t|
008 011220s1904 sp ||||1| spa d
080 _a061.21(460.27) Ateneo
100 1 _aMoret, Segismundo,
_d1833-1913
_9162747
245 1 0 _aDiscurso leído por el Excmo. Señor D. Segismundo Moret el día 4 de noviembre de 1904 en el Ateneo Científico, Literario y Artístico de Madrid con motivo de la apertura de sus cátedras .
_by Memoria de Secretaría referente al curso de 1903 a 1904 /
_c[por Mariano Miguel de Val y Samos].
246 3 _aMemoria leída por el secretario primero del Ateneo D. Mariano Miguel de Val y Samos
260 _aMadrid :
_b[s.n.],
_c1904 (
_fEst. Tip. Sucesores de Rivadeneyra)
300 _a61 p. ;
_c25 cm.
594 _aMemoria de Secretaría con port. propia.
610 2 4 _aAteneo de Madrid-
_vDiscursos de apertura-
_yS.XX.
_91913
610 2 4 _aAteneo de Madrid-
_vMemorias de Secretaría.
_91929
610 2 4 _aAteneo de Madrid-
_vObras digitalizadas.
_91930
700 1 _aVal, Mariano Miguel de,
_d1875-1912
_9112429
852 4 _aES-MaACL
_jB-1628(7)
_cSPB
_zRevisado enlace: 9 de julio de 2025
852 4 _aES-MaACL
_jT-1325-F-7
_cDEPOF
856 4 _uhttp://www.ateneodemadrid.com/biblioteca_digital/folletos/Folletos-0191.pdf
_yVer documento
942 _2udc
999 _c42449
_d42449